| 000 | 00345nam a2200145Ia 4500 | ||
|---|---|---|---|
| 008 | 150201s2001 xx 000 0 und d | ||
| 082 |
_a617.6392 _bD2001B |
||
| 100 | _aBABBUSH,CHARLES | ||
| 245 | _aDENTAL IMPLANTS | ||
| 250 | _a1ST | ||
| 260 |
_bSAUNDERS _aPHILADELPHIA _c2001 |
||
| 300 | _a1-532 | ||
| 650 | _aPROSTHODONTICS | ||
| 942 |
_2ddc _cBK |
||
| 999 |
_c3729 _d3729 |
||